[Event "DEM U10/U10w 2013"]
[Site "Oberhof GER"]
[Date "2013.05.24"]
[Round "9"]
[White "Collin, Alexander"]
[Black "Helmer, Jan"]
[Result "1/2-1/2"]
[Termination "normal"]
[Board "4"]
[WhiteElo "1451"]
[BlackElo "1570"]
[PlyCount "98"]
[WhiteFideId "12946745"]
[BlackFideId "12956686"]
[EventCountry "GER"]
[EventRounds "11"]
[EventType "swiss"]
[EventDate "2013.05.18"]

1. e4 e6 2. d4 d5 3. exd5 exd5 4. Nf3 Nc6 5. Bb5 Bd7 6. O-O Bd6 7. Nc3 Nge7 8.
Re1 O-O 9. Bd3 Bf5 10. Bxf5 Nxf5 11. Qd3 Nfe7 12. a3 Qd7 13. Nb5 Qf5 14. Qxf5
Nxf5 15. g4 a6 16. Nxd6 Nxd6 17. Bf4 Rfd8 18. c3 f6 19. Bxd6 Rxd6 20. Re2 Rad8
21. Rae1 Kf7 22. Nd2 b6 23. Nf3 R6d7 24. Kg2 Re7 25. Rxe7+ Nxe7 26. Kg3 Ng6 27.
Nh4 Nxh4 28. Kxh4 Re8 29. Rxe8 Kxe8 30. g5 fxg5+ 31. Kxg5 Ke7 32. Kf5 Kd6 33.
b3 b5 34. b4 c6 35. h4 Kd7 36. h5 Ke7 37. Ke5 Kd7 38. f4 Ke7 39. Kf5 Kd6 40.
Kg4 Ke7 41. Kg5 Ke6 42. Kg4 h6 43. f5+ Ke7 44. Kf3 Kf7 45. Kf4 Kf6 46. Kg4 Ke7
47. Kf4 Kf6 48. Kg4 Ke7 49. Kf3 Kf7 1/2-1/2

[Event "DEM U10/U10w 2013"]
[Site "Oberhof GER"]
[Date "2013.05.24"]
[Round "9"]
[White "Gheng, Dominik"]
[Black "Svane, Frederik"]
[Result "0-1"]
[Termination "normal"]
[Board "5"]
[WhiteElo "1635"]
[BlackElo "1715"]
[PlyCount "98"]
[WhiteFideId "12906778"]
[BlackFideId "12923044"]
[EventCountry "GER"]
[EventRounds "11"]
[EventType "swiss"]
[EventDate "2013.05.18"]

1. e4 c5 2. c4 e5 3. Nc3 g6 4. g3 Bg7 5. Bg2 Ne7 6. Nge2 O-O 7. O-O d6 8. a3
Nbc6 9. Rb1 a5 10. d3 Be6 11. f4 f5 12. Nd5 Bxd5 13. cxd5 Nd4 14. Nxd4 cxd4 15.
Qb3 Qd7 16. fxe5 Bxe5 17. Bd2 a4 18. Qb4 Rfc8 19. Bg5 fxe4 20. Bxe4 Kg7 21. Rf2
Rc5 22. Rbf1 Re8 23. Rf7+ Kg8 24. Bh6 Rcc8 25. Qd2 Kh8 26. Qg5 Qh3 27. Bg2 Qh5
28. Qxh5 gxh5 29. Bg5 Rc7 30. Be4 Bg7 31. Bh6 Rg8 32. Bg5 Re8 33. Bf6 Bxf6 34.
Rxh7+ Kg8 35. Rxf6 Rc1+ 36. Rf1 Rxf1+ 37. Kxf1 Nxd5 38. Rxh5 Ne3+ 39. Ke2 d5
40. Bh7+ Kg7 41. Kd2 Nf1+ 42. Kc1 Re1+ 43. Kc2 Re2+ 44. Kb1 Nxh2 45. Bf5 Nf1
46. Bc8 Nd2+ 47. Ka2 Re1 48. b4 axb3+ 49. Kb2 Rb1# 0-1

[Event "DEM U10/U10w 2013"]
[Site "Oberhof GER"]
[Date "2013.05.24"]
[Round "9"]
[White "Yankelevich, Michael"]
[Black "Breitzmann, Sander"]
[Result "1/2-1/2"]
[Termination "normal"]
[Board "6"]
[WhiteElo "1644"]
[BlackElo "1168"]
[PlyCount "82"]
[WhiteFideId "12921440"]
[BlackFideId "12987085"]
[EventCountry "GER"]
[EventRounds "11"]
[EventType "swiss"]
[EventDate "2013.05.18"]

1. e4 e5 2. Nf3 Nc6 3. Bc4 Bc5 4. c3 Nf6 5. d3 O-O 6. h3 h6 7. Bb3 Re8 8. Nbd2
d6 9. Nf1 Be6 10. Bc2 Bb6 11. Ng3 Ne7 12. Nh4 Qd7 13. Qf3 Ng6 14. Nxg6 fxg6 15.
Be3 Rf8 16. Qe2 Qb5 17. b3 Bxe3 18. Qxe3 Qb6 19. O-O Qxe3 20. fxe3 b5 21. d4
exd4 22. exd4 Rad8 23. Rae1 c5 24. Rd1 g5 25. Rd2 c4 26. b4 g4 27. h4 Rd7 28.
Rdf2 Rdf7 29. Nf5 Bxf5 30. Rxf5 a6 31. R5f2 g3 32. Rf3 Nh5 33. e5 Rxf3 34. Rxf3
Rxf3 35. gxf3 dxe5 36. dxe5 Nf4 37. Kf1 Kf7 38. Be4 g2+ 39. Kf2 Nd3+ 40. Kxg2
Nc1 41. Bb7 Nxa2 1/2-1/2

[Event "DEM U10/U10w 2013"]
[Site "Oberhof GER"]
[Date "2013.05.24"]
[Round "9"]
[White "Tschammer, Kai"]
[Black "Niemann, Alexander"]
[Result "0-1"]
[Termination "normal"]
[Board "7"]
[WhiteElo "1605"]
[BlackElo "1645"]
[PlyCount "52"]
[WhiteFideId "12939099"]
[BlackFideId "12939862"]
[EventCountry "GER"]
[EventRounds "11"]
[EventType "swiss"]
[EventDate "2013.05.18"]

1. e4 c5 2. Nc3 Nc6 3. f4 g6 4. Nf3 Bg7 5. Bc4 e6 6. f5 d5 7. exd5 exd5 8. Bxd5
Bxf5 9. O-O Nge7 10. Bb3 O-O 11. d3 Qd7 12. Be3 Nd4 13. Qd2 Rfd8 14. Bh6 Bh8
15. Rae1 Nec6 16. Bc4 Nxf3+ 17. Rxf3 Ne5 18. Rg3 Nxc4 19. Qg5 Qd4+ 20. Kh1 Re8
21. Rg1 Nd6 22. Nd1 Bf6 23. Qh5 Kh8 24. Qf3 Be5 25. Rg5 Qh4 26. g3 Qxh6 0-1

[Event "DEM U10/U10w 2013"]
[Site "Oberhof GER"]
[Date "2013.05.24"]
[Round "9"]
[White "Gelfenbaum, Daniel"]
[Black "Heckmann, Till"]
[Result "0-1"]
[Termination "normal"]
[Board "8"]
[WhiteElo "1055"]
[BlackElo "1517"]
[PlyCount "28"]
[WhiteFideId "12965634"]
[BlackFideId "12987093"]
[EventCountry "GER"]
[EventRounds "11"]
[EventType "swiss"]
[EventDate "2013.05.18"]

1. e4 e6 2. d4 d5 3. e5 c5 4. dxc5 Nc6 5. Nf3 Bxc5 6. Bd3 f6 7. exf6 Nxf6 8.
O-O O-O 9. Re1 Qb6 10. Rf1 e5 11. Nfd2 Ng4 12. Qe2 Nxf2 13. Bb5 Nd4 14. Qxe5
Nf3+ 0-1

[Event "DEM U10/U10w 2013"]
[Site "Oberhof GER"]
[Date "2013.05.24"]
[Round "9"]
[White "Bartelt, Max Peter"]
[Black "Lieberwirth, Kasimir"]
[Result "1/2-1/2"]
[Termination "normal"]
[Board "9"]
[WhiteElo "1356"]
[BlackElo "1433"]
[PlyCount "57"]
[WhiteFideId "12967289"]
[BlackFideId "12988146"]
[EventCountry "GER"]
[EventRounds "11"]
[EventType "swiss"]
[EventDate "2013.05.18"]

1. d4 d5 2. Bf4 Nf6 3. Nf3 c5 4. e3 Nc6 5. c3 Qb6 6. Qc1 e6 7. Be2 Nh5 8. Bg3
Nxg3 9. hxg3 Bd7 10. a4 Na5 11. Nbd2 cxd4 12. exd4 Bd6 13. Qc2 h6 14. Bd3 Nc6
15. a5 Nxa5 16. Ng5 Qd8 17. f4 Nc6 18. Bg6 Rf8 19. Bxf7+ Rxf7 20. Nxf7 Kxf7 21.
Rxh6 gxh6 22. Qh7+ Kf6 23. Qxh6+ Ke7 24. Qg7+ Ke8 25. Qg6+ Kf8 26. Qh6+ Kf7 27.
Qh7+ Kf6 28. Qh6+ Kf7 29. Qh7+ 1/2-1/2

[Event "DEM U10/U10w 2013"]
[Site "Oberhof GER"]
[Date "2013.05.24"]
[Round "9"]
[White "Buchloh, Adrian"]
[Black "Dobrikov, Marco"]
[Result "0-1"]
[Termination "normal"]
[Board "10"]
[WhiteElo "1141"]
[BlackElo "1528"]
[PlyCount "74"]
[WhiteFideId "12960675"]
[BlackFideId "12950378"]
[EventCountry "GER"]
[EventRounds "11"]
[EventType "swiss"]
[EventDate "2013.05.18"]

1. e4 c5 2. Nf3 Nc6 3. b3 d6 4. Bb2 Bd7 5. d4 cxd4 6. Nxd4 Nf6 7. Nd2 g6 8. Be2
Bg7 9. O-O a6 10. c4 Qb6 11. Nxc6 Bxc6 12. Kh1 O-O 13. Bxf6 Bxf6 14. Rc1 Rac8
15. Bg4 Rc7 16. f4 Qa5 17. a4 Bc3 18. Nb1 Bg7 19. Re1 Qb6 20. f5 Bb2 21. Rc2
Qxb3 22. Nd2 Qb6 23. c5 Qb4 24. Rc4 Qa3 25. Nb1 Qa2 26. Qc2 Qa1 27. Rb4 Bg7 28.
cxd6 exd6 29. fxg6 hxg6 30. Rd1 Qe5 31. Nd2 Qf4 32. Bf3 Rfc8 33. Qb3 b5 34.
axb5 Bxb5 35. g3 Qg5 36. Bg2 Bc3 37. Nf3 Qc5 0-1

[Event "DEM U10/U10w 2013"]
[Site "Oberhof GER"]
[Date "2013.05.24"]
[Round "9"]
[White "Merk, Daniel"]
[Black "Zimmer, Raphael"]
[Result "1-0"]
[Termination "normal"]
[Board "12"]
[WhiteElo "1655"]
[BlackElo "1369"]
[PlyCount "81"]
[WhiteFideId "12938386"]
[BlackFideId "12978841"]
[EventCountry "GER"]
[EventRounds "11"]
[EventType "swiss"]
[EventDate "2013.05.18"]

1. d4 d5 2. c4 e6 3. Nc3 Nf6 4. cxd5 exd5 5. Bg5 Be7 6. Qc2 h6 7. Bxf6 Bxf6 8.
e3 c6 9. Bd3 Qe7 10. Nge2 b6 11. Nxd5 Qd6 12. Nxf6+ Qxf6 13. O-O Bb7 14. Ng3
Nd7 15. Ne4 Qe6 16. Qc4 Qe7 17. b4 Rc8 18. Rfc1 O-O 19. a4 c5 20. dxc5 Ne5 21.
Qc3 Nxd3 22. Nd6 Qg5 23. Nxb7 Nxc1 24. Rxc1 Rc7 25. c6 Qg6 26. b5 Rfc8 27. Rd1
Kh7 28. h3 Qe6 29. Qd3+ g6 30. Qd5 Qxd5 31. Rxd5 Kg7 32. Rd7 Kf6 33. Kh2 Ke6
34. Nd8+ Kf6 35. Nxf7 Ke6 36. Nd8+ Kf6 37. Nb7 Ke6 38. Rd6+ Kf5 39. g4+ Kg5 40.
Kg3 Re8 41. f4# 1-0

[Event "DEM U10/U10w 2013"]
[Site "Oberhof GER"]
[Date "2013.05.24"]
[Round "9"]
[White "Henning, Marvin"]
[Black "Suvorov, Alexander"]
[Result "0-1"]
[Termination "normal"]
[Board "13"]
[WhiteElo "1342"]
[BlackElo "1397"]
[PlyCount "124"]
[WhiteFideId "12957399"]
[BlackFideId "12977063"]
[EventCountry "GER"]
[EventRounds "11"]
[EventType "swiss"]
[EventDate "2013.05.18"]

1. e4 d6 2. d4 Nf6 3. Nc3 g6 4. Be3 Bg7 5. Bc4 O-O 6. f3 Nbd7 7. Qd2 e5 8. Nge2
Re8 9. O-O c6 10. Bb3 Qe7 11. Rae1 Nf8 12. d5 c5 13. Ng3 a6 14. a4 b6 15. f4
exf4 16. Bxf4 N8d7 17. h3 Ne5 18. Bxe5 Qxe5 19. Qf2 Bd7 20. Bc4 Reb8 21. Qe2
Qxg3 22. Rf3 Qe5 23. Ref1 Rf8 24. Bd3 Nh5 25. Qf2 Qd4 26. Be2 Qxf2+ 27. Kxf2
Bd4+ 28. Ke1 Bxc3+ 29. bxc3 Rae8 30. Re3 f5 31. Bxh5 gxh5 32. Rg3+ Kh8 33. Rg5
Rxe4+ 34. Kd2 Re5 35. c4 Rg8 36. Rxh5 Rxg2+ 37. Kc3 Re3+ 38. Kb2 Ree2 39. Rc1
Kg7 40. Rh4 Re4 41. Rxe4 fxe4 42. Re1 Bf5 43. Kb3 Rg3+ 44. c3 Rxh3 45. a5 b5
46. Rg1+ Kf6 47. Rg8 bxc4+ 48. Ka4 Bd7+ 49. Ka3 Rxc3+ 50. Kb2 Rb3+ 51. Ka2 Rb5
52. Rg2 Rxa5+ 53. Kb2 Ke5 54. Rh2 Kxd5 55. Rxh7 Be6 56. Rh5+ Kd4 57. Kb1 Kd3
58. Kc1 c3 59. Kb1 c2+ 60. Kb2 Rb5+ 61. Ka3 c1=Q+ 62. Ka4 Bb3# 0-1

[Event "DEM U10/U10w 2013"]
[Site "Oberhof GER"]
[Date "2013.05.24"]
[Round "9"]
[White "Mücka, Cedric"]
[Black "Berelowitsch, Dana"]
[Result "1-0"]
[Termination "normal"]
[Board "14"]
[WhiteElo "1380"]
[BlackElo "981"]
[PlyCount "27"]
[WhiteFideId "16217640"]
[BlackFideId "12977144"]
[EventCountry "GER"]
[EventRounds "11"]
[EventType "swiss"]
[EventDate "2013.05.18"]

1. e4 e5 2. Nf3 Nf6 3. d4 Nxe4 4. Bd3 d5 5. Nxe5 Bd6 6. O-O O-O 7. c4 c6 8. Nc3
Nxc3 9. bxc3 Nd7 10. f4 Nxe5 11. fxe5 Be7 12. Qh5 h6 13. cxd5 Qxd5 14. Bxh6 1-0

[Event "DEM U10/U10w 2013"]
[Site "Oberhof GER"]
[Date "2013.05.24"]
[Round "9"]
[White "Dietz, Florian"]
[Black "Stirnberg, Noah"]
[Result "1-0"]
[Termination "normal"]
[Board "15"]
[WhiteElo "1445"]
[BlackElo "1338"]
[PlyCount "147"]
[WhiteFideId "12939897"]
[BlackFideId "16207742"]
[EventCountry "GER"]
[EventRounds "11"]
[EventType "swiss"]
[EventDate "2013.05.18"]

1. e4 c5 2. Nf3 a6 3. Be2 Nc6 4. d4 cxd4 5. Nxd4 e6 6. Be3 Nge7 7. Nc3 g6 8.
O-O Bg7 9. a4 f5 10. f3 O-O 11. Nb3 h6 12. a5 Kh7 13. Bb6 Qe8 14. Kh1 g5 15.
Rb1 Ng6 16. g3 f4 17. Kg2 Qf7 18. Bc5 Re8 19. Rh1 Bf6 20. Qd2 h5 21. Rhg1 h4
22. g4 Rb8 23. h3 Qg7 24. Rgd1 Nf8 25. Bd3 Kh6 26. Be2 Kh7 27. Bd3 Kh6 28. Be2
Kh7 29. Nd4 Kh8 30. Nxc6 bxc6 31. Na4 Kg8 32. c3 Kh8 33. Bf2 Bd8 34. Nb6 Bxb6
35. Bxb6 Bb7 36. e5 Kg8 37. Qd6 Qe7 38. Qxe7 Rxe7 39. Bc5 Rf7 40. Rd2 Ng6 41.
Bd6 Nf8 42. Rbd1 Rd8 43. Bc7 Rc8 44. Bb6 Kg7 45. Bc5 Rd8 46. Bb6 Rc8 47. Bc5
Rd8 48. Rd4 Ng6 49. Bd6 Ra8 50. Bd3 Bc8 51. Bxg6 Kxg6 52. Rb4 Rg7 53. Rdd4 Rg8
54. Rb8 Rxb8 55. Bxb8 Kf7 56. Bd6 Kg6 57. Rb4 Kf7 58. Kf2 Kg6 59. Ke2 Kf7 60.
Kd3 Kg6 61. Rb8 Kf7 62. Kc4 Kg6 63. Kc5 Kf7 64. Kb6 Kg7 65. Kc7 Kf7 66. Rxc8
Rxc8+ 67. Kxc8 Ke8 68. Kb7 Kd8 69. Kxa6 Kc8 70. Kb6 c5 71. Bxc5 Kb8 72. a6 Kc8
73. a7 d5 74. a8=Q+ 1-0

[Event "DEM U10/U10w 2013"]
[Site "Oberhof GER"]
[Date "2013.05.24"]
[Round "9"]
[White "Huber, Benedikt"]
[Black "Weishäutel, Moritz"]
[Result "1-0"]
[Termination "normal"]
[Board "16"]
[WhiteElo "1689"]
[BlackElo "1431"]
[PlyCount "73"]
[WhiteFideId "12923583"]
[BlackFideId "12967300"]
[EventCountry "GER"]
[EventRounds "11"]
[EventType "swiss"]
[EventDate "2013.05.18"]

1. d4 d5 2. Bf4 c5 3. Nc3 Nc6 4. e3 Nf6 5. Nb5 Qa5+ 6. c3 e5 7. dxe5 c4 8. Nc7+
Qxc7 9. exf6 Qb6 10. Rc1 Qxb2 11. Rc2 Qb5 12. Rd2 Be6 13. Bg5 h6 14. Bh4 g5 15.
Bg3 O-O-O 16. a4 Qa5 17. Qc2 Re8 18. Nf3 d4 19. Nxd4 Nxd4 20. Rxd4 Bc5 21. Rd2
Rd8 22. Rxd8+ Rxd8 23. Be2 Bf5 24. Qxf5+ Rd7 25. Qc2 b5 26. Bg4 bxa4 27. Bxd7+
Kxd7 28. O-O a3 29. Rd1+ Kc6 30. Qe4+ Kb6 31. Rb1+ Bb4 32. Rxb4+ Qxb4 33. cxb4
a2 34. Qd4+ Kb5 35. Qa1 Kxb4 36. Qxa2 c3 37. Bd6+ 1-0

[Event "DEM U10/U10w 2013"]
[Site "Oberhof GER"]
[Date "2013.05.24"]
[Round "9"]
[White "Bui, Julia"]
[Black "Nguyen, Alex Dac-Vuong"]
[Result "1-0"]
[Termination "normal"]
[Board "17"]
[WhiteElo "1260"]
[BlackElo "1401"]
[PlyCount "193"]
[WhiteFideId "12977055"]
[BlackFideId "12984388"]
[EventCountry "GER"]
[EventRounds "11"]
[EventType "swiss"]
[EventDate "2013.05.18"]

1. e4 e6 2. d4 d5 3. Nd2 c5 4. Ngf3 Nc6 5. exd5 exd5 6. dxc5 Bxc5 7. Bb5 Nge7
8. O-O O-O 9. b3 Nd4 10. Bd3 Bg4 11. Bb2 Ng6 12. Bxg6 fxg6 13. Bxd4 Bxd4 14.
Rc1 Bf6 15. Qe2 Qd7 16. h3 Bf5 17. Rfe1 Rae8 18. Qd1 Rxe1+ 19. Qxe1 Re8 20. Qd1
g5 21. Qf1 Bb2 22. Rb1 Ba3 23. Nxg5 Bxc2 24. Re1 Bb4 25. Rxe8+ Qxe8 26. Qc1 Qg6
27. Ngf3 d4 28. Nxd4 Bxd2 29. Qxd2 Bb1 30. Qe2 Qe4 31. Qxe4 Bxe4 32. Kh2 Kf7
33. Nb5 Ke7 34. Nxa7 Bb1 35. a3 Bc2 36. b4 Bd3 37. Nc8+ Kd7 38. Nb6+ Kc6 39.
Na4 Bb5 40. Nc3 Bc4 41. Kg3 Bd3 42. Kf4 Kd6 43. g3 h6 44. h4 Ke6 45. f3 g6 46.
g4 Bc4 47. Ke4 h5 48. gxh5 gxh5 49. Kf4 Kf6 50. Ne4+ Kg6 51. Nd6 Bd5 52. Ke3
Kf6 53. Kf4 Ke6 54. Ne4 Bc6 55. Ng3 Kf6 56. Nxh5+ Kg6 57. Ng3 b5 58. Kg4 Bd7+
59. Kf4 Bc6 60. Ke5 Bxf3 61. Kf4 Bc6 62. Ke5 Kg7 63. Nf5+ Kf7 64. h5 Bf3 65.
Nd6+ Ke7 66. Nxb5 Bxh5 67. Kd5 Kd7 68. Kc5 Kc8 69. a4 Bf3 70. a5 Kb8 71. Kb6
Bh1 72. a6 Bg2 73. a7+ Kc8 74. Nc7 Bh1 75. a8=Q+ Bxa8 76. Nxa8 Kb8 77. Nc7 Kc8
78. Ka7 Kxc7 79. b5 Kd6 80. b6 Kd5 81. b7 Kd4 82. b8=Q Ke4 83. Qd6 Kf5 84. Qe7
Kf4 85. Qe6 Kf3 86. Qe5 Kg4 87. Qf6 Kg3 88. Qf5 Kg2 89. Qf4 Kh1 90. Qf3+ Kh2
91. Qg4 Kh1 92. Kb6 Kh2 93. Kc5 Kh1 94. Kd4 Kh2 95. Ke3 Kh1 96. Kf2 Kh2 97.
Qh4# 1-0

[Event "DEM U10/U10w 2013"]
[Site "Oberhof GER"]
[Date "2013.05.24"]
[Round "9"]
[White "Schmidtmann, Samantha"]
[Black "Stork, Oliver"]
[Result "0-1"]
[Termination "normal"]
[Board "18"]
[WhiteElo "1171"]
[BlackElo "1604"]
[PlyCount "132"]
[WhiteFideId "12956759"]
[BlackFideId "12955728"]
[EventCountry "GER"]
[EventRounds "11"]
[EventType "swiss"]
[EventDate "2013.05.18"]

1. e4 e5 2. Nf3 Nc6 3. Bc4 Bc5 4. b4 Bxb4 5. c3 Be7 6. d4 Na5 7. Bd3 d6 8. dxe5
Bg4 9. exd6 cxd6 10. O-O Nf6 11. Nbd2 O-O 12. Ba3 Nc6 13. Qc2 Qc7 14. Rab1 Rab8
15. Rfe1 Ne5 16. Nxe5 dxe5 17. Bxe7 Qxe7 18. f3 Qc5+ 19. Kh1 Be6 20. Nb3 Qc7
21. Red1 Rfd8 22. Be2 b6 23. Ba6 Bc4 24. Bxc4 Qxc4 25. Rxd8+ Rxd8 26. Rd1 Rd6
27. h3 Qc6 28. Kh2 Kf8 29. Rxd6 Qxd6 30. Qd2 Qxd2 31. Nxd2 Nd7 32. Kg3 Nc5 33.
Kg4 b5 34. Kf5 f6 35. a3 Ke7 36. f4 g6+ 37. Kg4 Ke6 38. Kf3 Nd3 39. g3 h5 40.
h4 Ne1+ 41. Ke2 Nc2 42. Nb1 f5 43. exf5+ Kxf5 44. fxe5 Kxe5 45. Kf2 a5 46. Ke2
Ke4 47. Nd2+ Kf5 48. Nb1 Kg4 49. Kf2 Na1 50. Kg2 Nb3 51. Kf2 Nc5 52. Kg2 Ne4
53. Kh2 Nxg3 54. Kg2 Kxh4 55. Kf3 g5 56. Kg2 Ne4 57. Kf3 Nf6 58. Kg2 g4 59. Kh2
g3+ 60. Kg2 Kg4 61. Kg1 Ne4 62. Kg2 h4 63. Kg1 Kf3 64. Kf1 g2+ 65. Kg1 Kg3 66.
c4 h3 0-1

[Event "DEM U10/U10w 2013"]
[Site "Oberhof GER"]
[Date "2013.05.24"]
[Round "9"]
[White "Basovskiy, Jana"]
[Black "Baladjaev, Leyla"]
[Result "0-1"]
[Termination "normal"]
[Board "19"]
[WhiteElo "1109"]
[BlackElo "1385"]
[PlyCount "98"]
[WhiteFideId "16208617"]
[BlackFideId "12960217"]
[EventCountry "GER"]
[EventRounds "11"]
[EventType "swiss"]
[EventDate "2013.05.18"]

1. e4 e5 2. Nf3 Nc6 3. Bc4 Bc5 4. c3 Nf6 5. d4 exd4 6. e5 d5 7. Bb5 Ne4 8. cxd4
Be7 9. O-O O-O 10. Nc3 Bg4 11. Bxc6 bxc6 12. Re1 Bb4 13. Qd3 Qd7 14. a3 Bxc3
15. bxc3 c5 16. Rb1 Nxf2 17. Kxf2 Bf5 18. Qd1 Bxb1 19. Ng5 Qf5+ 20. Kg1 f6 21.
Rf1 Qd3 22. Ne6 Qxd1 23. Rxd1 Rf7 24. Nxc5 fxe5 25. dxe5 Raf8 26. h3 Bc2 27.
Re1 Be4 28. Bb2 Bxg2 29. Ne6 Re8 30. Ng5 Rf5 31. Kxg2 Rxg5+ 32. Kh2 Rgxe5 33.
Rxe5 Rxe5 34. Kg3 Re2 35. Ba1 Ra2 36. c4 Rxa3+ 37. Bc3 Rxc3+ 38. Kh4 Rxc4+ 39.
Kg5 a5 40. Kf5 a4 41. Ke6 a3 42. Kxd5 Rh4 43. Kc6 a2 44. Kxc7 a1=Q 45. Kd6 Rh5
46. Ke6 Qf6+ 47. Kd7 Ra5 48. Ke8 Ra7 49. h4 Qf8# 0-1

[Event "DEM U10/U10w 2013"]
[Site "Oberhof GER"]
[Date "2013.05.24"]
[Round "9"]
[White "Hommel, Niclas"]
[Black "Röhr, Tobias"]
[Result "1-0"]
[Termination "normal"]
[Board "21"]
[WhiteElo "1197"]
[BlackElo "1389"]
[PlyCount "145"]
[WhiteFideId "12974927"]
[BlackFideId "12963089"]
[EventCountry "GER"]
[EventRounds "11"]
[EventType "swiss"]
[EventDate "2013.05.18"]

1. e4 e5 2. Nf3 Nc6 3. Bb5 Nd4 4. Ba4 Nxf3+ 5. Qxf3 Qf6 6. Qxf6 Nxf6 7. d3 Bc5
8. Nc3 O-O 9. O-O c6 10. Bb3 h6 11. Kh1 d6 12. f4 Ng4 13. g3 Nf2+ 14. Kg1 Nxe4+
15. Kg2 Nxc3 16. bxc3 a5 17. a4 Kh7 18. fxe5 d5 19. d4 Be7 20. Kg1 Bh3 21. Re1
f6 22. Bf4 fxe5 23. Bxe5 Bg5 24. c4 Rf3 25. cxd5 Raf8 26. dxc6 Be3+ 27. Kh1 Rf2
28. Bd5 bxc6 29. Bxc6 Rc8 30. Be4+ g6 31. Rxe3 Bf5 32. Bxf5 gxf5 33. Rc1 Rc4
34. Ra3 Kg6 35. Kg1 Rd2 36. h4 Kh5 37. Kf1 Kg4 38. Ke1 Rh2 39. Kd1 h5 40. c3
Kf3 41. Rc2 Rh1+ 42. Kd2 Ke4 43. Rca2 Rc6 44. Rb2 Rh2+ 45. Kc1 Rh1+ 46. Kc2
Rh2+ 47. Kb1 Rh1+ 48. Ka2 Kd3 49. c4+ Kxc4 50. Rc2+ Kd5 51. Rxc6 Kxc6 52. Kb3
Rf1 53. Kc4 Rd1 54. Rc3 Ra1 55. d5+ Kd7 56. Kb5 Rd1 57. Rc7+ Kd8 58. Rc5 Rd3
59. Kxa5 Rb3 60. Rb5 Re3 61. d6 Kd7 62. Kb6 Re2 63. a5 Rc2 64. Kb7 f4 65. Bxf4
Re2 66. a6 Re4 67. a7 Re2 68. a8=Q Re5 69. Qc8+ Kxd6 70. Bxe5+ Ke7 71. Kc6 Kf7
72. Rb7+ Kg6 73. Qe6# 1-0

[Event "DEM U10/U10w 2013"]
[Site "Oberhof GER"]
[Date "2013.05.24"]
[Round "9"]
[White "Kukulina, Sonja"]
[Black "Bierfreund, Trine Maja"]
[Result "1-0"]
[Termination "normal"]
[Board "22"]
[WhiteElo "1184"]
[BlackElo "1341"]
[PlyCount "93"]
[WhiteFideId "12977047"]
[BlackFideId "12957372"]
[EventCountry "GER"]
[EventRounds "11"]
[EventType "swiss"]
[EventDate "2013.05.18"]

1. e4 e5 2. Nf3 Nc6 3. Bc4 Bc5 4. c3 Nf6 5. d4 exd4 6. cxd4 Bb4+ 7. Nc3 Nxe4 8.
O-O Bxc3 9. d5 Ne5 10. bxc3 Nxc4 11. Qd4 O-O 12. Qxe4 Nd6 13. Qd3 Qf6 14. Bg5
Qf5 15. Qd2 b5 16. Rab1 a6 17. Nh4 Qe4 18. Rfe1 Qc4 19. Rb4 Qc5 20. Be3 Nc4 21.
Bxc5 Nxd2 22. Bxf8 Kxf8 23. Re2 Nc4 24. Rb1 Bb7 25. Rd1 Rb8 26. Nf3 f6 27. g4
h6 28. h4 g5 29. hxg5 hxg5 30. Ne1 Kf7 31. Ng2 Rh8 32. f4 gxf4 33. Rf1 Bxd5 34.
Nxf4 Bb7 35. Nh5 Rxh5 36. gxh5 Ne5 37. Rxe5 d5 38. Ref5 Ke6 39. Rxf6+ Ke5 40.
h6 d4 41. cxd4+ Kxd4 42. h7 Kc4 43. h8=Q b4 44. R1f4+ Kd3 45. Qh3+ Kc2 46. Rf2+
Kc1 47. Qf1# 1-0

[Event "DEM U10/U10w 2013"]
[Site "Oberhof GER"]
[Date "2013.05.24"]
[Round "9"]
[White "Post, Hugo"]
[Black "Bosselmann, Tom Linus"]
[Result "0-1"]
[Termination "normal"]
[Board "23"]
[WhiteElo "1341"]
[BlackElo "1180"]
[PlyCount "162"]
[WhiteFideId "12962490"]
[BlackFideId "12983845"]
[EventCountry "GER"]
[EventRounds "11"]
[EventType "swiss"]
[EventDate "2013.05.18"]

1. e4 c5 2. Nf3 e6 3. d4 cxd4 4. Nxd4 a6 5. Bd3 Qc7 6. Nc3 Nc6 7. Nb3 Nf6 8.
Be3 Be7 9. Qe2 d6 10. O-O-O b5 11. f4 Bb7 12. g4 h6 13. Kb1 Rd8 14. g5 hxg5 15.
fxg5 Nh7 16. Rhg1 Ne5 17. Rdf1 Kd7 18. Qd1 Kc8 19. Be2 Nf8 20. Rf2 Qd7 21. Qf1
b4 22. Nd1 Qc6 23. Na5 Qa4 24. Nxb7 Kxb7 25. Bd4 b3 26. axb3 Qxd4 27. Bxa6+ Kc7
28. Rg3 Ra8 29. Rc3+ Kd8 30. Bb7 Rb8 31. Ba6 Qa7 32. Be2 Ra8 33. Kc1 Bxg5+ 34.
Rf4 Qd4 35. Kb1 Bxf4 36. Qxf4 Qa7 37. Kc1 Qd4 38. Kb1 Nfg6 39. Qg3 Qxe4 40.
Qg5+ f6 41. Qd2 d5 42. Nf2 Qf4 43. Qe1 Rxh2 44. Nd3 Nxd3 45. Bxd3 Ne5 46. Bb5
Qh4 47. Qxh4 Rxh4 48. Ba4 g5 49. Re3 g4 50. Re2 g3 51. Rg2 Rg4 52. Ka2 Nf3 53.
Ka3 Nh4 54. Rg1 g2 55. c4 Nf3 56. Rd1 g1=Q 57. Rxg1 Rxg1 58. cxd5 exd5 59. Kb4
Rb8+ 60. Kc5 Rd1 61. Bc6 Rc8 62. Kd6 d4 63. Bxf3 Rf1 64. Be4 Rd1 65. b4 d3 66.
b5 Rb8 67. Kc5 Rc1+ 68. Kb4 d2 69. Bf3 d1=Q 70. Bxd1 Rxd1 71. Ka5 Ra1+ 72. Kb4
f5 73. Kc4 Rc1+ 74. Kd3 f4 75. Kd2 Rc4 76. b3 Rb4 77. Kd3 R8xb5 78. Ke2 Rxb3
79. Kf2 Ra5 80. Ke2 Ra2+ 81. Kd1 Rb1# 0-1

[Event "DEM U10/U10w 2013"]
[Site "Oberhof GER"]
[Date "2013.05.24"]
[Round "9"]
[White "Zyla, Lennert"]
[Black "Glinzner, Alva"]
[Result "1-0"]
[Termination "normal"]
[Board "24"]
[WhiteElo "1291"]
[BlackElo "974"]
[PlyCount "53"]
[WhiteFideId "12981567"]
[BlackFideId "16206169"]
[EventCountry "GER"]
[EventRounds "11"]
[EventType "swiss"]
[EventDate "2013.05.18"]

1. e4 e5 2. Nf3 Nc6 3. Bb5 Bc5 4. O-O Nf6 5. d3 O-O 6. Nc3 d5 7. exd5 Nxd5 8.
Bxc6 bxc6 9. Nxe5 Qf6 10. d4 Bd6 11. Ne4 Qe6 12. Ng5 Qe8 13. Re1 f6 14. Nc4 Qg6
15. Nxd6 cxd6 16. Ne6 Re8 17. Nf4 Rxe1+ 18. Qxe1 Nxf4 19. Bxf4 Bh3 20. Bg3 Re8
21. Qc3 Bf5 22. Bxd6 Re2 23. Qc4+ Re6 24. Re1 Be4 25. Qxe6+ Kh8 26. Qc8+ Qe8
27. Qxe8# 1-0

[Event "DEM U10/U10w 2013"]
[Site "Oberhof GER"]
[Date "2013.05.24"]
[Round "9"]
[White "Schumacher, Simon"]
[Black "Grund, Sebastian"]
[Result "0-1"]
[Termination "normal"]
[Board "25"]
[WhiteElo "1156"]
[BlackElo "1231"]
[PlyCount "64"]
[BlackFideId "12988626"]
[EventCountry "GER"]
[EventRounds "11"]
[EventType "swiss"]
[EventDate "2013.05.18"]

1. d4 Nf6 2. Bf4 d5 3. Nf3 e6 4. e3 Be7 5. Bd3 Nbd7 6. c3 b6 7. Qe2 Bb7 8. Qc2
Ne4 9. Nbd2 f5 10. Ne5 Nxe5 11. Bxe5 Bf6 12. Nf3 O-O 13. O-O-O c5 14. Rhf1 a5
15. Kb1 c4 16. Be2 b5 17. Bxf6 Rxf6 18. Ne5 b4 19. cxb4 axb4 20. f3 Nd6 21. h3
Rxa2 22. Kc1 Qa5 23. Nd7 Rg6 24. Rg1 b3 25. Qc3 Qxc3+ 26. bxc3 Rxe2 27. g4 Rxe3
28. gxf5 Rxc3+ 29. Kb2 Rc2+ 30. Kb1 Nxf5 31. Rxg6 hxg6 32. Ne5 Bc8 0-1

[Event "DEM U10/U10w 2013"]
[Site "Oberhof GER"]
[Date "2013.05.24"]
[Round "9"]
[White "Silber, Fabian"]
[Black "Khamenya, Vitalia"]
[Result "0-1"]
[Termination "normal"]
[Board "26"]
[WhiteElo "1058"]
[BlackElo "1210"]
[PlyCount "64"]
[WhiteFideId "12947288"]
[BlackFideId "12959260"]
[EventCountry "GER"]
[EventRounds "11"]
[EventType "swiss"]
[EventDate "2013.05.18"]

1. e4 e5 2. Nf3 Nc6 3. Bc4 Bc5 4. d3 Nf6 5. Nc3 d6 6. h3 Be6 7. Bb3 O-O 8. Bg5
h6 9. Bh4 a6 10. O-O Nd4 11. Bd5 c6 12. Bxe6 fxe6 13. Ne2 Nxf3+ 14. gxf3 Qe8
15. Ng3 Qg6 16. Kh1 Nh5 17. Rg1 Bxf2 18. Nxh5 Bxg1 19. Qxg1 Qxh5 20. Be7 Rxf3
21. Qg2 Rxh3+ 22. Kg1 Rf3 23. Bxd6 Rf6 24. Bxe5 Rg6 25. Bg3 Qg4 26. Kh2 Rf8 27.
Qh3 Qe2+ 28. Kh1 Rf3 29. Rg1 Qxc2 30. Qh2 Qxd3 31. Be5 Qxe4 32. Rxg6 Rf1# 0-1